| 000 | 01392cam a2200301 4500 | ||
|---|---|---|---|
| 008 | 010726n2001 000 0 eng u | ||
| 020 | _a1899769099 | ||
| 035 | _a(Sirsi) u113788 | ||
| 050 |
_a333.73 _c18 |
||
| 100 | _aWilbourn, Philip | ||
| 245 | 4 |
_aThe contaminated land regime - impacts on the property industry and estate management issues _ba CPD study pack |
|
| 260 |
_aOxford _bCollege of Estate Management _c2001 |
||
| 300 |
_a44p. _c30cm. + 1 audio cassette (ca. 60 min.) |
||
| 350 | _a46.00 | ||
| 490 | _aCollege of Estate Management CPD Study Pack | ||
| 520 | _aDefines contaminated land and outlines the role of the local authorities in determining whether land is in fact contaminated. Looks at who is an 'appropriate person', liable for the remediation of contaminated land, and possible exemptions. Considers the impact on the practitioner and the wider estate management issues. | ||
| 520 | _aAccompanied by the Owlion Audio Tape "Contaminated land: the issues" (E09665), which is available to borrow separately. | ||
| 520 | _aSuperseded by 2004 edition (ISBN 1904388221). | ||
| 650 | _aAPPROPRIATE PERSON | ||
| 650 | _aBROWNFIELD LAND | ||
| 650 | _aBROWNFIELD SITES | ||
| 650 | _aCONTAMINATED LAND | ||
| 650 | _aCONTAMINATED LAND REGIME | ||
| 650 |
_aContamination _96231 |
||
| 650 | _aREMEDIATION | ||
| 690 | _aENVIRONMENT-CONTAMINATION | ||
| 942 | _n0 | ||
| 999 |
_c85414 _d85414 |
||